000 01291nam a22002537a 4500
005 20170124103213.0
010 _aA-815880
020 _c00.00
_a8185070369
035 _aA-815880
037 _bCen Lib/Ret
040 _aDPL
_bHN
082 _a025
_bत्रिपाठी
100 _aत्रिपाठी, एस. एम.
_944003
245 _aप्रलेखन एवं सूचना सेवाएँ तथा नेटवर्क :
_cएस. एम. त्रिपाठी
_bप्रलेखन एवं सूचना सेवाएँ /
246 _aPralekhan evam soochna sewayan tatha network : Pralekhan evam soochna sewayan /
_bby S. M. Tripathi
260 _aआगरा
_bवाई. के. पब्लिशर्स
_c1997
270 _aब्लाक-77, संजय प्लेस
_bआगरा
_e282002
300 _axix,434पृ.
_c21सेमी(सजिल्द)
650 _aप्रलेखन कार्य तथा इनका क्षेत्र
_996838
650 _aप्रलेखन सेवाएँ--भारत
_9952
650 _aDocumentation work and their scope
_996839
650 _aDocumentation Services--India
_996840
942 _2ddc
_cHN
_h025
_mत्रिपाठी
999 _c121376
_d121376